000 00279nam a22001217a 4500
008 171021b xxu||||| |||| 00| 0 eng d
041 _aeng
080 _a658
100 _a54
101 _alid
245 _aPOWER AND LEADERSHIP IN PLURALIST SYSTEMS
_cFARLAND
942 _2udc
_cBK
999 _c35293
_d35293